| 000 | 00682cam a22002413a 4500 | ||
|---|---|---|---|
| 001 | 30126 | ||
| 003 | PGUSA | ||
| 005 | 20140828083642.0 | ||
| 008 | 090928s2009||||xxu|||||s|||||000 | eng d | ||
| 040 |
_aPGUSA _beng |
||
| 042 | _adc | ||
| 050 | 4 | _aBL | |
| 100 | 1 |
_aConant, J. E. _q(Judson Eber), _d1867-1955 |
|
| 245 | 1 | 4 |
_aThe Church, the Schools and Evolution _h[electronic resource] / _cJ. E. Conant |
| 260 |
_bProject Gutenberg, _c2009 |
||
| 506 | _aPublic domain in the USA. | ||
| 516 | _aElectronic text | ||
| 653 | _aEvolution | ||
| 653 | _aReligion and science | ||
| 830 | 0 |
_aProject Gutenberg _v30126 |
|
| 856 | 4 | 0 | _uhttp://www.gutenberg.org/ebooks/30126 |
| 942 | _cEB | ||
| 999 |
_c259381 _d259381 |
||